|
|
|
|
| LEADER |
00000nam a22000007a 4500 |
| 005 |
20150514233855.0 |
| 007 |
cr|||| |||| |
| 008 |
150514s2015 mx |||||s|||| 00||0 spa d |
| 020 |
|
|
|a 978-607-440-763-1
|
| 035 |
|
|
|a 12655
|
| 040 |
|
|
|a vLex
|
| 090 |
|
|
|c 5415
|d 5415
|
| 100 |
1 |
|
|a Přez Chavez, Još
|
| 245 |
1 |
0 |
|a Taller de prc̀ticas Laborales y de Seguridad Social
|h [Recurso electrn̤ico] /
|c Jos ̌Přez Chavez, Raymundo Fol Olguin
|
| 256 |
|
|
|a Servicio en ln̕ea
|
| 260 |
|
|
|a Mx̌ico DF:
|b Tax Editores,
|c 2015
|
| 300 |
|
|
|a 1 recurso electrn̤ico
|
| 506 |
1 |
|
|a Disponible solo en los productos indicados
|d vLex Global
|d vLex Global (Academic Edition, excluding Law Schools)
|d vLex Global (U.S. Academic Edition, Law Schools)
|d vLex Global (U.S. Academic Edition, excluding Law Schools)
|d vLex Global (Academic Edition, Law Schools)
|
| 650 |
0 |
4 |
|a Derecho Laboral y Seguridad Social
|z Mx̌ico
|
| 700 |
1 |
|
|a Fol Olguin, Raymundo
|
| 740 |
0 |
|
|a vLex Libros (Servicio en ln̕ea)
|
| 856 |
4 |
0 |
|u http://vlex.com/source/taller-practicas-laborales-seguridad-social-12655
|z Acceso restringido
|
| 942 |
|
|
|c BOOK
|
| 999 |
0 |
|
|a Labor and Social Security
|